Les villes les plus peuplées du monde finissant par la lettre A - Statistiques

Statistiques générales
  • Ce quiz a été pris 67 fois
  • Le résultat moyen est 8 sur 20
Statistiques - réponses
Classement Continent Population Ville % Correct
88e Amérique du Sud 4 935 270 Brasilia
75%
29e Amérique du Sud 11 361 900 Lima
70%
27e Amérique du Sud 11 658 200 Bogota
64%
28e Asie 11 436 000 Jakarta
64%
79e Asie 5 477 090 Ankara
57%
13e Afrique 17 032 300 Kinshasa
57%
4e Asie 23 935 700 Dacca
52%
17e Asie 15 570 800 Kolkata
48%
10e Asie 18 967 500 Osaka
43%
117e Afrique 4 025 740 Abuja
39%
72e Afrique 5 703 630 Addis-Abeba
39%
124e Afrique 3 950 410 Casablanca
39%
37e Afrique 9 651 030 Luanda
38%
114e Afrique 4 050 830 Kampala
29%
40e Asie 9 556 880 Nagoya
25%
105e Amérique du Sud 4 246 400 Fortaleza
21%
109e Afrique 4 203 110 Douala
18%
77e Amérique du Nord 5 499 680 Guadalajara
16%
84e Asie 5 027 980 Changsha
4%
78e Asie 5 478 080 Fukuoka
4%
Aucun quiz correspondant
Distribution des résultats
% des personnes avec chaque résultat
Percentile par nombre de réponses
Votre historique - résultats
Vous n’avez pas pris ce quiz